Chaîne de mots - Star du foot - Statistiques

Statistiques générales
  • Ce quiz a été pris 247 fois
  • Le résultat moyen est 18 sur 23
Statistiques - réponses
Indice Joueur % Correct
Génie argentin, vainqueur du Ballons d’Or à 8 reprises Messi
100%
Attaquant suédois charismatique qui a joué 180 matchs au PSG Ibrahimović
96%
Gardien allemand très célèbre, champion du monde en 2014, connu pour jouer loin de sa cage et relancer comme un joueur de champ Neuer
92%
Attaquant ivoirien légendaire, héros de Chelsea, connu pour ses buts décisifs en finale de Ligue des Champions et son physique imposant. Célèbre pour son "It's a fucking disgrace" Drogba
87%
Attaquant camerounais légendaire, multiple vainqueur de la Ligue des Champions et l’un des meilleurs buteurs africains de l’histoire. Il est aussi connu pour son franc parler Eto'o
85%
Défenseur italien vainqueur du Ballon d’Or 2006 Cannavaro
84%
Attaquant anglais légendaire du XXIème siècle, meilleur buteur de l’histoire de Manchester United Rooney
84%
Attaquant anglais très rapide, Ballon d’Or en 2001 Owen
81%
Attaquant gabonais très rapide et élégant, célèbre pour ses buts spectaculaires et son efficacité devant le but Aubameyang
80%
Milieu anglais légendaire, meilleur buteur de l’histoire de Chelsea. Joueur de Chelsea de 2001 à 2014 Lampard
80%
Milieu offensif allemand avec des origines turques, champion du monde 2014, célèbre pour ses passes précises et sa vision du jeu exceptionnelle Özil
80%
Milieu espagnol légendaire, héros du Mondial 2010, connu pour ses passes parfaites et son sang-froid Iniesta
79%
Milieu français, aujourd’hui à l'AC Milan, connu pour sa technique et sa créativité, mais aussi célèbre pour sa mère Véronique qui a souvent fait parler dans les médias. Rabiot
79%
Attaquant égyptien de Liverpool, rapide et technique, célèbre pour ses buts décisifs et son efficacité en Premier League Salah
79%
Attaquant norvégien redoutable, reconnu pour sa puissance, sa vitesse et sa capacité à marquer dans toutes les positions. Il est souvent comparé à un cyborg Haaland
78%
Attaquant légendaire de l’AS Rome, surnommé “Il Capitano”, célèbre pour sa fidélité au club Totti
78%
Milieu anglais emblématique de Liverpool, connu pour son leadership sur le terrain et ses buts spectaculaires dans les grands matches Gerrard
74%
Attaquant nigérian actuellement à Galatasaray, champion d’Italie avec Naples en 2023, célèbre pour sa vitesse, sa puissance et son style unique avec le masque protecteur Osimhen
74%
Gardien costaricien légendaire, vainqueur de plusieurs Ligues des Champions avec le Real Madrid, connu pour ses arrêts spectaculaires sur la ligne Navas
73%
Gardien brésilien de Liverpool, reconnu pour ses réflexes incroyables et ses sorties décisives Alisson
72%
Attaquant brésilien star du PSG et de la Seleção, connu pour sa technique, ses dribbles spectaculaires qui a débuté à Santos et y est revenu cette année Neymar Jr
72%
Gardien soviétique légendaire, surnommé “l’Araignée Noire”, seul gardien à avoir remporté le Ballon d’Or Yachine
72%
Attaquant italien légendaire de la Juventus avec 705 matchs uniquement pour ce club de 1993 à 2012, célèbre pour sa technique, ses dribbles élégants et ses frappes enroulées Del Piero
60%
Aucun quiz correspondant
Distribution des résultats
% des personnes avec chaque résultat
Percentile par nombre de réponses
Votre historique - résultats
Vous n’avez pas pris ce quiz